000 00632nam a2200169Ia 4500
008 090123s9999 xx 000 0 und d
082 _b26974
100 _aटाके गणेश
245 _aगोंधळ अर्थात जांभूळ आख्यान एक शोध
250 _a0
300 _a61
600 _aटाके गणेश
630 _aगोंधळ अर्थात जांभूळ आख्यान एक शोध
700 _aटाके गणेश
730 _aगोंधळ अर्थात जांभूळ आख्यान एक शोध
942 _cBOOK
999 _c65109
_d65109